000 00920cab a2200277 4500
001 WB3508-12
008 090401t1999 xxu||||| |||| 00| 0 eng d
035 _a(Sirsi) u91603
041 _aeng
245 _aPlans to protect greenfields
260 _c1999
350 _a0
490 _aFinancial Times
_v24 February 1999, 1(1)
520 _aOutlines proposals for the revised PPG3 under which developers will have to prove there are no suitable urban sites, before being granted permission to build in the countryside. Government want 60% of new homes to be built on brownfield sites.
650 _aBROWNFIELD SITES
650 _aDEVELOPERS
650 _aGREENFIELD SITES
650 _aNEW HOMES
650 _aPLANNING POLICY
650 _aPLANNING SYSTEM
650 _aPPG3 REVISED
650 _aSEQUENTIAL APPROACH
690 _aPROPERTY-PROPERTY DEVELOPMENT
942 _n0
948 _c25/02/1999
999 _c58166
_d58166